| 000 | 00529nam a2200181 a 4500 | ||
|---|---|---|---|
| 000 | BKB | ||
| 001 | 156279 | ||
| 005 | 20200902162459.0 | ||
| 008 | 180727 ### HIN | ||
| 020 | _a9789380581064 | ||
| 082 |
_a709.54 _bV87V |
||
| 100 | _aVoices of change: 20 Indian artists | ||
| 245 |
_aVoices of change: 20 Indian artists _cedited by Gayatri Sinha |
||
| 260 |
_aMumbai _bMarg Foundations _c2010 |
||
| 300 | _a308p. | ||
| 690 | _aArt, Indic; India; Artists | ||
| 700 |
_aSinha, Gayatri, ed. _b _c |
||
| 999 |
_c18697 _d18697 |
||